00402 a2200121 4500001001000000005001700010008004100027245010200068100002400170700002400194773004500218999001700263ART_4749520260410162041.0260409a 10aReglamento del domicilio fiscal electrónico obligatorio a raíz de la reforma de la ley 27.4301 aSantacruz, Lidia M.1 aFerraro, Ricardo H.0 tImpuestosg- N°35 (sep. 2018)wREV45175 c34909d34909